All Michigan Cities By Letter - C - Statistics

General Stats
  • This quiz has been taken 10 times
  • The average score is 22 of 49
Answer Stats
Population County City/Village % Correct
1,636 Kent Caledonia
83%
2,488 Charlevoix Charlevoix
83%
3,077 Clare/Isabella Clare
83%
10,497 Wexford Cadillac
67%
3,711 Kent Cedar Springs
67%
9,090 Eaton Charlotte
67%
4,686 Cheboygan Cheboygan
67%
2,497 Genesee Clio
67%
12,215 Branch Coldwater
67%
3,344 Shiawassee Corunna
67%
3,988 Tuscola Caro
50%
845 Iron Caspian
50%
205 Alger Chatham
50%
5,416 Washtenaw Chelsea
50%
921 Oakland Clarkston
50%
11,845 Oakland Clawson
50%
330 Lenawee Clayton
50%
2,290 Lenawee Clinton
50%
1,324 Midland Coleman
50%
1,411 Berrien Coloma
50%
1,158 St. Joseph Colon
50%
4,387 Ottawa Coopersville
50%
2,286 Sanilac Croswell
50%
687 Houghton Calumet
33%
501 Hillsdale Camden
33%
1,837 St. Clair Capac
33%
2,354 Monroe Carleton
33%
182 Menominee Carney
33%
1,111 Montcalm Carson City
33%
495 Sanilac Carsonville
33%
735 Huron Caseville
33%
321 Kent/Muskegon Casnovia
33%
2,276 Tuscola Cass City
33%
1,699 Cass Cassopolis
33%
427 Jackson/Lenawee Cement City
33%
8,171 Macomb Center Line
33%
939 Antrim Central Lake
33%
1,406 St. Joseph Centreville
33%
2,238 Saginaw Chesaning
33%
396 Ionia Clarksville
33%
319 Lapeer Clifford
33%
783 Kalamazoo Climax
33%
763 Lapeer Columbiaville
33%
1,040 Jackson Concord
33%
2,111 St. Joseph Constantine
33%
193 Manistee Copemish
33%
182 Houghton Copper City
33%
1,364 Iron Crystal Falls
33%
285 Mason Custer
33%
No matching quizzes found
Score Distribution
Percent of People with Each Score
Percentile by Number Answered
Your Score History
You have not taken this quiz